Atención Primaria de la Salud (Registro nro. 1060)
[ vista simple ]
| 000 -LEADER | |
|---|---|
| fixed length control field | 00614nas a22001697a 4500 |
| 008 - CAMPO DE CONTROL RECURSOS CONTINUADOS | |
| fixed length control field | 120704t20039999AG ||||| |||| 00| 0 SPA d |
| 022 ## - INTERNATIONAL STANDARD SERIAL NUMBER | |
| International Standard Serial Number | 16682815 |
| 245 ## - TITULO | |
| Titulo | Atención Primaria de la Salud |
| Mención de responsabildady, etc | Ministerio de Salud |
| 260 ## - PUBLICACION, DISTRIBUCION, ETC. (PIE DE IMPRENTA) | |
| Lugar de publicación, distribución, etc | Buenos Aires : |
| Nombre de la editorial, distribuidor, etc. | Ministerio de Salud de la Nación, |
| Fecha de publicación | 2003 |
| 300 ## - DESCRIPCION FISICA | |
| Extensión | v. : |
| 546 ## - NOTA DE IDIOMA | |
| Nota de lenguaje | Texto en español |
| 590 ## - NOTAS LOCALES (RLIN) | |
| Nota local | Existencias: 2003 1(1-6); 2004 1(7) 2(8-15); 2005 3(16) 3(17,18); 2006 3(22); 2007 4(24) |
| 590 ## - NOTAS LOCALES (RLIN) | |
| Nota local | Indizada en: Biblioteca virtual en Salud (BINACIS), LILACS |
| 650 ## - MATERIA-TERMINO TEMATICO | |
| Término temático | ATENCION PRIMARIA |
| 9 (RLIN) | 1742 |
| 856 ## - LOCALIZACION ELECTRONICA Y ACCESO | |
| Identificador Uniforme de Recurso (URI) | <a href="http://www.remediar.gov.ar">http://www.remediar.gov.ar</a> |
| 942 ## - ADDED ENTRY ELEMENTS (KOHA) | |
| Source of classification or shelving scheme | Dewey Decimal Classification |
| Item type | Continuing Resources |
No hay ítems disponibles.